Význam časového rozlišovania v účtovníctve podnikateľov bakalárska práca

Gespeichert in:
Bibliographische Detailangaben
1. Verfasser: Méhesová, Marta
Körperschaft: Fakulta hospodárskej informatiky EU. Katedra účtovníctva a audítorstva
Weitere Verfasser: Zeleníková, Katarína
Format: Buch
Sprache:Slowakisch
Veröffentlicht: Bratislava 2012
Tags: Tag hinzufügen
Keine Tags, Fügen Sie das erste Tag hinzu!

MARC

LEADER 00000nbm a2200000 4500
001 0156420
005 20161109111959.5
041 0 |a slo 
044 |a SK 
245 1 0 |a Význam časového rozlišovania v účtovníctve podnikateľov  |b bakalárska práca  |c Marta Méhesová ; školiteľ: Katarína Zeleníková 
264 1 |a Bratislava  |c 2012 
300 |a 47 s. 
100 1 |a Méhesová, Marta 
700 1 |a Zeleníková, Katarína 
710 2 |a Fakulta hospodárskej informatiky EU. Katedra účtovníctva a audítorstva